Nommez un Satellite Naturel du Système Solaire de A à Z - Statistiques

Statistiques générales
  • Ce quiz a été pris 135 fois
  • Le résultat moyen est 9 sur 23
Statistiques - réponses
Lettres Satellites naturels orbitant autour de l'une des 8 planètes du Système Solaire % Correct
L Laomédie | Larissa | Léda | Lindbergh | Loge | Lune | Lysithéa
100%
I Ijiraq | Io | Isonoé
93%
E Earhart | Égéon | Eggther | Élara | Encelade | Eiréné | Élara | Épiméthée | Érinomé | Erriapus | Ersa | Euanthé | Eukéladé | Euphémé | Euporie | Europe | Eurydome
83%
T Tarqeq | Tarvos | Taygète | Télesto | Téthys | Thalassa | Thébé | Thelxinoé | Thémis | Thémisto | Thiazzi | Thrymr | Thyoné | Titan | Titania | Trinculo | Triton
76%
C Calé | Caliban | Callichore | Callirrhoé | Callisto | Calycé | Calypso | Carmé | Carpo | Chaldéné | Cordélia | Coré | Cressida | Cupid | Curtiss | Cyllène
71%
G Galatée | Ganymède | Geirröd | Gerd | Greip | Gridr | Gunnlod
71%
P Paaliaq | Pallène | Pan | Pandia | Pandore | Pasiphaé | Pasithée | Peggy | Perdita | Philophrosyne | Phobos | Phœbé | Pollux | Polydeuces | Portia | Post | Praxidiké | Prométhée | Prospero | Protée | Psamathée | Puck
67%
D Daphnis | Déimos | Desdémone | Despina | Dia | Dioné
64%
A Adrastée | Aédé | Aegir | Aitné | Albiorix | Alvaldi | Amalthée | Ananké | Angrboda | Anthée | Arché | Ariel | Atlas | Autonoé
43%
R Rhéa | Richthofen | Rosalinde
33%
J Janus | Japet | Jarnsaxa | Jocaste | Juliette
31%
M Mab | Margaret | Megaclité | Méthone | Métis | Mimas | Miranda | Mnémé | Mundilfari
24%
O Obéron | Ophélie | Orthosie
21%
U Umbriel
21%
H Halimède | Harpalycé | Hati | Hégémone | Hélène | Hélicé | Hermippé | Hersé | Himalia | Hinkler | Hippocampe | Hypérion | Hyrrokkin
19%
N Naïade | Narvi | Néréide | Néso
12%
S S/2002 N 5 | S/2003 J 2 | S/2003 J 4 | S/2003 J 9 | S/2003 J 10 | S/2003 J 12 | S/2003 J 16 | S/2003 J 18 | S/2003 J 19 | S/2003 J 23 | S/2004 S 7 | S/2004 S 12 | S/2004 S 13 | S/2004 S 17 | S/2004 S 21 | S/2004 S 24 | S/2004 S 26 | S/2004 S 28 | S/2004 S 34 | S/2004 S 36 | S/2004 S 37 | S/2004 S 39 | S/2006 S 1 | S/2006 S 3 | S/2007 S 2 | S/2007 S 3 | S/2009 S 1 | S/2010 J 1 | S/2010 J 2 | S/2011 J 1 | S/2011 J 2 | S/2011 J 3 | S/2016 J 1 | S/2016 J 3 | S/2016 J 4 | S/2017 J 1 | S/2017 J 2 | S/2017 J 3 | S/2017 J 5 | S/2017 J 6 | S/2017 J 7 | S/2017 J 8 | S/2017 J 9 | S/2018 J 2 | S/2018 J 3 | S/2018 J 4 | S/2021 J 1 | S/2021 J 2 | S/2021 J 3 | S/2021 J 4 | S/2021 J 5 | S/2021 J 6 | S/2021 N 1 | S/2023 U 1 | S/2025 U 1 | Santos-Dumont | Sao | Setebos | Siarnaq | Sikorsky | Sinopé | Skathi | Skoll | Skrymir | Spondé | Stephano | Surtur | Suttungr | Sycorax
7%
V Valétudo
7%
B Bebhionn | Beli | Belinda | Bergelmir | Bestla | Bianca | Blériot
5%
F Farbauti | Fenrir | Ferdinand | Fornjot | Francisco
5%
K Kari | Kingsford Smith | Kiviuq
5%
Y Ymir
5%
W Wright
2%
Aucun quiz correspondant
Distribution des résultats
% des personnes avec chaque résultat
Percentile par nombre de réponses
Votre historique - résultats
Vous n’avez pas pris ce quiz